Govt. of
Madhya Pradesh

Group Discussions and Interviews (Record no. 33092)

MARC details
000 -LEADER
fixed length control field 004320000a22001690004500
003 - CONTROL NUMBER IDENTIFIER
control field MACL
005 - DATE AND TIME OF LATEST TRANSACTION
control field 20160121114314.0
008 - FIXED-LENGTH DATA ELEMENTS--GENERAL INFORMATION
fixed length control field 160121b xxu||||| |||| 00| 0 eng d
040 ## - CATALOGING SOURCE
Original cataloging agency MACL
Transcribing agency macl
041 ## - LANGUAGE CODE
Language code of text/sound track or separate title English
082 ## - DEWEY DECIMAL CLASSIFICATION NUMBER
Classification number 374.22
100 ## - MAIN ENTRY--PERSONAL NAME
Personal name Sachceva, S K
9 (RLIN) 33819
245 ## - TITLE STATEMENT
Title Group Discussions and Interviews
260 ## - PUBLICATION, DISTRIBUTION, ETC. (IMPRINT)
Name of publisher, distributor, etc. Sudha Publications
Date of publication, distribution, etc. 2001
Place of publication, distribution, etc. New Delhi
650 ## - SUBJECT ADDED ENTRY--TOPICAL TERM
Topical term or geographic name as entry element Education
9 (RLIN) 33820
942 ## - ADDED ENTRY ELEMENTS (KOHA)
Koha item type Books
Call number prefix 374/Sac
Source of classification or shelving scheme
Holdings
Withdrawn status Lost status Source of classification or shelving scheme Damaged status Not for loan Home library Current library Date acquired Total Checkouts Full call number Barcode Date last seen Date last checked out Uniform Resource Identifier Price effective from Koha item type
          MACL MACL 21/01/2016 1 374/SAC CLC000560 25/10/2015 10/10/2015 33149 15/04/2015 Books